| 000 | 00560nam a2200193 i 4500 | ||
|---|---|---|---|
| 001 | 77024 | ||
| 003 | ES-MaACL | ||
| 005 | 20230906173042.0 | ||
| 007 | t| | ||
| 008 | 041006s1970 sp ||||1| spa d | ||
| 100 | 1 |
_aGutiérrez, Guillermo. _961054 |
|
| 245 | 1 | 0 |
_aHomilías para el leccionario _b: ciclo C / _cpor Guillermo Gutiérrez. |
| 260 |
_aSantander : _bSal Terrae, _c[1970] |
||
| 300 |
_a406 p. ; _c22 cm. |
||
| 490 | 1 |
_aCristo hoy ; _v10 |
|
| 830 | 0 |
_aCristo hoy ; _v10 _9176472 |
|
| 852 |
_aES-MaACL _jC-4983 _bR.88926 |
||
| 999 |
_c77024 _d77024 |
||